Escribir en la universidad (Registro nro. 4743)

Detalles MARC
000 -Cabecera
Campo de control de longitud fija 00701aam a2200277 4500
005 - Fecha y hora de la última transacción
Campo de control 20260313194227.0
008 - Elementos de longitud fija--Información general
Campo de control de longitud fija 150416b1997 xxu||||| |||| 00| 0 spa d
041 ## - Idioma
Código de idioma Español
082 ## - Clasificación Decimal Dewey
Número de clasificación 808.06 C915e
100 ## - Entrada principal--Autor personal
Nombre personal Creme, Phyllis
100 ## - Entrada principal--Autor personal
Nombre personal Lea, Mary
245 ## - Título propiamente dicho
Título Escribir en la universidad
260 ## - Pie de imprenta
Lugar de publicación, distribución, etc. Estados Unidos
260 ## - Pie de imprenta
Nombre del editor, distribuidor, etc. Gedisa
260 ## - Pie de imprenta
Fecha de publicación, distribución, etc. 1997
300 ## - Descripción física
Extensión 190 páginas
490 ## - Serie
Título de la Serie Temática General
650 ## - Materia general
Temática (materia general) RETÓRICA DE CLASES ESPECÍFICAS DE REDACCIÓN
650 ## - Materia general
Temática (materia general) INVESTIGACIÓN
650 ## - Materia general
Temática (materia general) REDACCIÓN UNIVERSITARIA
650 ## - Materia general
Temática (materia general) ORGANIZACIÓN
650 ## - Materia general
Temática (materia general) METODOLOGÍA
650 ## - Materia general
Temática (materia general) TRABAJOS ESCRITOS
650 ## - Materia general
Temática (materia general) ESCRITURA
942 ## - Punto de acceso adicional KOHA
Tipo de ítem KOHA Libro
Fuente del sistema de clasificación o colocación Dewey Decimal Classification
Existencias
Signatura completa Código de barras Programa Académico Tipo de ítem
808.06 C915e 9086 Temática General Libro